000 00319nam a2200121Ia 4500
008 190216s9999||||xx |||||||||||||| ||und||
100 _aKarel Capek & Joseph Capek
245 0 _aKeeta Janmam
260 _bSahithya Pravarthaka Sahakarana Sangam
_c1959
300 _a106p
650 _aMalayalam Nadakam
942 _cBK
999 _c26127
_d26127